000 02489nam2a22003131 4500
001 RU\NLR\INFOCOMM6\1000361723
005 20250616232350.0
035 _a(NLR Aleph) 002276041
090 _a3997424
_c3997424
100 _a20031127d1864 |||y0rusy50 ca
101 0 _arus
102 _aRU
105 _ay |||||||||
200 0 _aТ.5, Кн.1
210 _d1864
_aБ. м.
421 1 _12001#$aОтчеты Академии наук за 1863 год
_1309##$aПрипл.
_1311##$a1864 к т.5
_tОтчеты Академии наук за 1863 год
421 1 _12001#$aСлово о полку Игореве по списку, найденному между бумагами императрицы Екатерины
_1210##$aСпб.$d1864
_1309##$aПрипл.
_1311##$a1864 к т.5
_tСлово о полку Игореве по списку, найденному между бумагами императрицы Екатерины
421 1 _12001#$aСовременное состояние геологии в России$fГельмерсен Г.П.
_1700#1$aГельмерсен$bГ.П.
_1210##$aСпб.$d1864
_1309##$aПрипл.
_1311##$a1864 к т.5
_tСовременное состояние геологии в России
_aГельмерсен, Г.П.
421 1 _12001#$aТеория планет$hОтд-ние 2-3$fПеревощиков Д.М.
_1700#1$aПеревощиков$bД.М.
_1210##$aСпб.$d1864
_1309##$aПрипл.
_1311##$a1864 к т.5
_tТеория планет
_aПеревощиков, Д.М.
421 1 _12001#$aОб ускорениях различных порядков$fСомов О.И.
_1700#1$aСомов$bО.И.
_1210##$aСпб.$d1864
_1309##$aПрипл.
_1311##$a1864 к т.5
_tОб ускорениях различных порядков
_aСомов, О.И.
421 1 _12001#$aИспанский народный эпос о Сиде$fБуслаев Ф.И.
_1700#1$aБуслаев$bФ.И.
_1210##$aСпб.$d1864
_1309##$aПрипл.
_1311##$a1864 к т.5
_tИспанский народный эпос о Сиде
_aБуслаев, Ф.И.
461 0 _1001RU\NLR\INFOCOMM6\1000361712
_12001#$aЗаписки Академии наук$vТ.5, Кн.1
_93997372
_aАкадемия наук (Петербург)
_cСПб.
_d1862-1895
_tЗаписки Академии наук
_vТ.5, Кн.1
801 1 _aRU
_bInfoComm
_c20031127
801 0 _aRU
_bNLR
_gPSBO
852 _aNLR
_j1/447
942 _cISSUE
980 _aNB
980 _aRUSPER